000 00544aam a2200229 4500
005 20241105142527.0
008 150416b xxu||||| |||| 00| 0 spa d
020 _a9789681685454
041 _aESP
082 _a830.914 F982j
100 _aFunke, Cornelia
_933981
245 _aEl jinete del dragón
260 _aMéxico
260 _bSiruela
260 _c2008
300 _a415 páginas
650 _aNOVELA ALEMANA
650 _aLITERATURA ALEMANA
650 _aLITERATURA INFANTIL
650 _aFANTASÍA
942 _cLIT
_2ddc
999 _c4710
_d4710